000 00749nam a2200289Ia 4500
005 20260324112920.0
008 008 260324s9999 xx 000 0 eng d
020 _a9781003399858
037 _aEBOOK
040 _aCRL
040 _beng
040 _cCRL
041 _2eng
041 _aeng
084 _qCRL
100 _aLouise Alldridge
_91144666
245 0 _aPedagogies of Widening Participation in Medical Settings
245 0 _bAddressing Under-representation through Partnership and Professionalism
260 _bTaylor and Francis
260 _c2024
365 _a
365 _b240
856 _uhttp://www.taylorfrancis.com/books/9781003399858
942 _cEBOOK
999 _c1734055
_d1734055